| 000 | 00642cam a22002412i 4500 | ||
|---|---|---|---|
| 001 | CIP113000864 | ||
| 003 | YEEZEN | ||
| 005 | 20241226145806.0 | ||
| 008 | 240115s2024 ch e 000 0 chi d | ||
| 020 |
_a9786263900356 _q(平裝) : _cNT$400 |
||
| 040 |
_aCIP _bchi _cCIP |
||
| 042 | _anbic | ||
| 084 |
_a412.21 _2ncsclt |
||
| 086 | _a412.21 | ||
| 090 | _a412.21 | ||
| 245 | 1 | 0 |
_a醫療機構不得不知的法律風險 / _c可道律師事務所編著 |
| 250 | _a初版 | ||
| 260 |
_a臺北市 : _b商周, _c2024.02 |
||
| 300 |
_a面 ; _c公分 |
||
| 650 | 7 |
_2lcstt _a醫事法規 |
|
| 650 | 7 |
_2lcstt _a醫療機構 |
|
| 942 |
_2ccl _cBOOK |
||
| 999 |
_c7626 _d7626 |
||